书目信息 |
| 题名: |
手足口病防治手册
|
|
| 作者: | 王忠灿 , 尤明春 , 黎本贵 主编 ;解放军南京军区 编 | |
| 分册: | ||
| 出版信息: | 苏州 苏州大学出版社 2008.05 |
|
| 页数: | 96, [2] 页图版 | |
| 开本: | 19cm | |
| 丛书名: | 千万不要死于无知 | |
| 单 册: | ||
| 中图分类: | R512.5 | |
| 科图分类: | ||
| 主题词: | 肠道病毒--chang dao bing du--感染--防治 | |
| 电子资源: | ||
| ISBN: | 978-7-81137-077-5 | |
| 000 | 01291nam 2200301 450 | |
| 001 | 012009947921 | |
| 005 | 20090504193348.00 | |
| 010 | @a978-7-81137-077-5@dCNY8.00 | |
| 100 | @a20090504d2008 em y0chi0120 ea | |
| 101 | 0 | @achi |
| 102 | @aCN@b410000 | |
| 105 | @aaf z 000yy | |
| 106 | @ar | |
| 200 | 1 | @a手足口病防治手册@Ashou zu kou bing fang zhi shou ce@f南京军区疾病预防控制中心编@Fnan jing jun qu ji bing yu fang kong zhi zhong xin bian |
| 210 | @a苏州@c苏州大学出版社@d2008.05 | |
| 215 | @a96, [2] 页图版@c图@d19cm | |
| 225 | 2 | @a千万不要死于无知@Aqian wan bu yao si yu wu zhi |
| 314 | @a书中题 : 王忠灿, 尤明春, 黎本贵主编 | |
| 330 | @a手足口病其实是一种由肠道病毒引起的传染病,因其能引起手足口等部位疱疹,而得名。该病多发生于婴幼儿,成人也有被感染的可能。手足口病传染性强,发病急,流行广,一旦贻误诊疗时间,会导致重症或死亡病例。但是手足口病不是新的传染病,也并不可怕。 | |
| 410 | 0 | @12001 @a千万不要死于无知 |
| 606 | 0 | @a肠道病毒@Achang dao bing du@x感染@x防治 |
| 690 | @aR512.5@v4 | |
| 701 | 0 | @a王忠灿@Awang zhong can@4主编 |
| 701 | 0 | @a尤明春@Ayou ming chun@4主编 |
| 701 | 0 | @a黎本贵@Ali ben gui@4主编 |
| 712 | 02 | @a解放军南京军区@Ajie fang jun nan jing jun qu@b疾病预防控制中心@4编 |
| 801 | 0 | @aCN@bQSSK@c20090504 |
| 905 | @b740279-81@dR512.5@eW470@f3 | |
| 手足口病防治手册/南京军区疾病预防控制中心编.-苏州:苏州大学出版社,2008.05 |
| 96, [2] 页图版:图;19cm.-(千万不要死于无知) |
| ISBN 978-7-81137-077-5:CNY8.00 |
| 手足口病其实是一种由肠道病毒引起的传染病,因其能引起手足口等部位疱疹,而得名。该病多发生于婴幼儿,成人也有被感染的可能。手足口病传染性强,发病急,流行广,一旦贻误诊疗时间,会导致重症或死亡病例。但是手足口病不是新的传染病,也并不可怕。 |
| ● |
| 相关链接 |
|
|
|
正题名:手足口病防治手册
索取号:R512.5/W470
 
预约/预借
| 序号 | 登录号 | 条形码 | 馆藏地/架位号 | 状态 | 备注 |
| 1 | 740279 | 207402791 | 自科库401/401自科库 18排1列3层/ [索取号:R512.5/W470] | 在馆 | |
| 2 | 740280 | 207402808 | 自科库401/401自科库 18排1列3层/ [索取号:R512.5/W470] | 在馆 | |
| 3 | 740281 | 207402817 | 自科库401/401自科库 18排1列3层/ [索取号:R512.5/W470] | 在馆 |